000 00803nam a2200265 a 4500
001 53376
003 BD-RjUL
005 20211209075942.0
008 161005s2003 i ||||| |||| 00| 0 eng d
020 _a8123910401
035 _a(BD-RjUL)53496
040 _aBD-RjUL
_beng
_cBD-RjUL
041 _aeng
082 _223
_a577.57
_bSOI 2003
245 0 0 _aSoil and greenhouse effect :
_b monitoring and mitigation /
_cedited by Himanshu Pathak, S. Kumar
250 _a1st ed.
260 _aNew Delhi :
_bCBS Publishers & Distributors,
_c2003.
300 _ax, 156 p. :
_bill. ;
_c24 cm
500 _aIncludes Index
650 _aSoil air
_xEnvironmental aspects
_9159522
650 _aSoil management
_9159523
700 _aPathak, Himanshu
_9159524
700 _aKumar, S.
_9159525
942 _2ddc
_cBK
999 _c53376
_d53376